Sabas, leader of Palestinian monasticism : a comparative study in Eastern monasticism, fourth to seventh centuries /

Saved in:
Bibliographic Details
Main Author: Patrich, J.
Format: Book
Language:English
Published: Washington, D.C. : Dumbarton Oaks, c1995.
Series:Dumbarton Oaks studies ; 32.
Subjects:
Tags: Add Tag
No Tags, Be the first to tag this record!
LEADER 01076cam a2200301 a 4500
001 005777486-2
005 20050319132604.0
008 931222s1995 dcua b 001 0deng
010 |a  93049099  
020 |a 0884022218 
035 0 |a ocm29702352 
040 |a DLC  |c DLC  |d DDO 
043 |a a-is---  |a awba--- 
050 0 0 |a BR185  |b .P38 1995 
082 0 0 |a 271/.0095694/09015  |2 20 
100 1 |a Patrich, J.  |q (Joseph) 
245 1 0 |a Sabas, leader of Palestinian monasticism :  |b a comparative study in Eastern monasticism, fourth to seventh centuries /  |c Joseph Patrich. 
260 |a Washington, D.C. :  |b Dumbarton Oaks,  |c c1995. 
300 |a xv, 419 p. :  |b ill. ;  |c 29 cm. 
490 1 |a Dumbarton Oaks studies ;  |v 32 
504 |a Includes bibliographical references (p. [359]-390) and index. 
600 0 0 |a Sabas,  |c Saint,  |d 439-532. 
610 2 0 |a Mar Saba (Monastery) 
650 0 |a Monasticism and religious orders  |z Palestine  |x History  |y Early church, ca. 30-600. 
651 0 |a Palestine  |x Church history. 
830 0 |a Dumbarton Oaks studies ;  |v 32. 
988 |a 20020608 
906 |0 DLC